| 000 | 00697cam a22002172 4500 | ||
|---|---|---|---|
| 001 | 0000005775 | ||
| 005 | 20151217152005.0 | ||
| 008 | 070717s xx 000 0 eng d | ||
| 020 |
_a139870821364376 : _cKES 350 |
||
| 040 |
_aKABU _cKABU |
||
| 050 | 0 |
_aHF1385 _b.T73 |
|
| 245 | 1 | 0 |
_aTrade, doha and development : _ba window into issues / _ced. by Richard Newfarmer. |
| 260 |
_aWashington, DC : _bWorld Bank, _c2006. |
||
| 300 | _axiii, 382 p. | ||
| 610 | 2 | 0 |
_aWorld Trade Organization. _@0000156990 |
| 700 | 1 |
_aNewfarmer, Richard. _@0000156991 |
|
| 908 | _a070717 | ||
| 950 | _@1 | ||
| 999 |
_c7067 _d7067 |
||